El señor de la guerra (Registro nro. 167547)

Detalles MARC
000 -ENCABEZADO
Número de control [NR] 01452nam a22002777a 4500
005 - FECHA Y HORA DE LA ÚLTIMA TRANSACCIÓN
control field 20170608110957.0
008 - DE LONGITUD FIJA DE DATOS DE ELEMENTOS - INFORMACIÓN GENERAL
Elementos de longitud fija [NR] 130802s2005 xxu g 000 0 eng
040 ## - FUENTE DE CATALOGACION [NR]
Agencia de catalogación original [NR] CO-BoUCM
Quien Cataloga
Quien Clasifica Aldemar Mondragón
092 ## - SIGNATURA TOPOGRAFICA LOCAL
Número de clasificación local DVD 1266
041 ## - CODIGO DE IDIOMA [R]
Código de idioma para texto/pista de sonido o título separado [R] Inglés
245 03 - MENCION DE TITULO [NR]
Título [NR] El señor de la guerra
Medio físico [NR] [DVD]
Mención de responsabilidad, etc. [NR] Andrew Niccol, director
260 ## - PUBLICACION, DISTRIBUCION, ETC. (PIE DE IMPRENTA) [R]
Lugar de publicación, distribución, etc. [R] [Washington]
Nombre del editor, distribuidor, etc. [R] Lions Gate Films
Fecha de publicación, distribución, etc. [R] 2005
300 ## - DESCRIPCION FISICA [R]
Extensión [R] 1 disco (117 min.)
Otros detalles físicos [NR] sonido, color
500 ## - NOTA GENERAL [R]
Nota general [NR] SIPNOSIS: Yuri Orlov, un traficante de armas ruso, recorre los países en guerra intentando eludir no sólo la persecución de un implacable agente de la Interpol, sino también la de sus rivales en el negocio e incluso la de alguno de sus clientes, todos ellos importantes dictadores
508 ## - NOTA DE CREDITOS DE CREACION/PRODUCCION [R]
Nota de créditos de creación/producción [NR] CREDITOS: Director y Guión Andrew Niccol ; Música Antonio Pinto ; Fotografía Amir M. Mokri
511 ## - NOTA DE PARTICIPANTE O INTERPRETE [R]
Nota de participante o intérprete [NR] REPARTO: Nicolas Cage, Ethan Hawke, Bridget Moynahan, Jared Leto, Ian Holm, Eamonn Walker, Jean-Pierre Nshanian, Sammi Rotibi, Shake Tukhmanyan
650 #7 - ASIENTO SECUNDARIO DE MATERIA - TERMINO TEMATICO [R]
Término temático o nombre geográfico como elemento de entrada [NR] Armamentismo
Subdivisión de forma [R] Dvd
9 (RLIN) 42013
650 #7 - ASIENTO SECUNDARIO DE MATERIA - TERMINO TEMATICO [R]
Término temático o nombre geográfico como elemento de entrada [NR] Armamentos
Subdivisión de forma [R] Dvd
9 (RLIN) 42012
650 #7 - ASIENTO SECUNDARIO DE MATERIA - TERMINO TEMATICO [R]
Término temático o nombre geográfico como elemento de entrada [NR] Guerra
Subdivisión de forma [R] Dvd
9 (RLIN) 42011
650 #7 - ASIENTO SECUNDARIO DE MATERIA - TERMINO TEMATICO [R]
Término temático o nombre geográfico como elemento de entrada [NR] Sociología política
Subdivisión de forma [R] Dvd
9 (RLIN) 42014
690 ## - ASUNTO AGREGADO LOCAL DE ENTRADA - TÉRMINO TEMÁTICO (OCLC, RLIN)
Acceso temático local Entretenimiento
700 1# - ASIENTO SECUNDARIO - NOMBRE PERSONAL [R]
Nombre personal [NR] Niccol, Andrew
Término de relación [R] director
9 (RLIN) 42001
856 ## - LOCALIZACION Y ACCESO ELECTRONICOS [R]
Nota dirigida al público [R] Ver el trailer
Identificador Uniforme del Recurso (“URI”) [R] <a href="https://www.youtube.com/watch?v=ADDI1q91SeE">https://www.youtube.com/watch?v=ADDI1q91SeE</a>
856 04 - LOCALIZACION Y ACCESO ELECTRONICOS [R]
Identificador Uniforme del Recurso (“URI”) [R] <a href="https://www.youtube.com/watch?v=ADDI1q91SeE">https://www.youtube.com/watch?v=ADDI1q91SeE</a>
Nota dirigida al público [R] Siga este vínculo para ver el trailer.
942 ## - ELEMENTOS DE ENTRADA AGREGADOS (KOHA)
Koha item type Multimedia
Source of classification or shelving scheme LOCAL
Tema principal Entretenimiento
Existencias
Suprimido Perdido Sistema de clasificación Dañado No prestable Tipo de ítem específico Ubicación habitual Ubicación actual Localización Fecha de creación Proveedor Forma de adquisición Costo Signatura topográfica Código de barras Última vez visto Ejemplar Costo de reposición Price effective from Tipo de ítem Total préstamos Total Renewals Fecha de último préstamo
    LOCAL     DVD Claustro Claustro Colección digital 02/08/2013   Donación 26000.00 DVD 1266 100134954 10/12/2024 Ej.2   02/08/2013 Multimedia 9 4 24/02/2017
    LOCAL   Préstamo restringido DVD Procesos Técnicos (no para préstamo) Procesos Técnicos (no para préstamo) Procesos Técnicos 22/07/2013 10 Compra 73100.00 DVD 1266 100135324 09/12/2025 Ej.1 73100.00 22/07/2013 Multimedia